Thinking mathematically / (Record no. 8856)

MARC details
000 -LEADER
fixed length control field 00713cam a2200241 a 4500
001 - CONTROL NUMBER
control field 16436256
003 - CONTROL NUMBER IDENTIFIER
control field OSt
005 - DATE AND TIME OF LATEST TRANSACTION
control field 20240625162438.0
008 - FIXED-LENGTH DATA ELEMENTS--GENERAL INFORMATION
fixed length control field 100827s2010 enka b 001 0 eng
020 ## - INTERNATIONAL STANDARD BOOK NUMBER
International Standard Book Number 9780273728917
040 ## - CATALOGING SOURCE
Original cataloging agency DDC
Transcribing agency MUST
082 00 - DEWEY DECIMAL CLASSIFICATION NUMBER
Classification number 510 MAS 2010
Edition number 20
100 1# - MAIN ENTRY--PERSONAL NAME
Personal name Mason, John,
9 (RLIN) 17894
245 10 - TITLE STATEMENT
Title Thinking mathematically /
Statement of responsibility, etc. Jason Mason ; with Leone Burton and Kaye Stacey.
250 ## - EDITION STATEMENT
Edition statement 2nd ed.
260 ## - PUBLICATION, DISTRIBUTION, ETC. (IMPRINT)
Place of publication, distribution, etc. Harlow :
Name of publisher, distributor, etc. Pearson,
Date of publication, distribution, etc. 2010.
300 ## - PHYSICAL DESCRIPTION
Extent xvi, 248 p. :
Other physical details ill. ;
Dimensions 24 cm.
504 ## - BIBLIOGRAPHY, ETC. NOTE
Bibliography, etc Includes bibliographical references and index.
650 #0 - SUBJECT ADDED ENTRY--TOPICAL TERM
Topical term or geographic name as entry element Mathematics.
700 1# - ADDED ENTRY--PERSONAL NAME
Personal name Burton, Leone,
Dates associated with a name 1936-
9 (RLIN) 17895
700 1# - ADDED ENTRY--PERSONAL NAME
Personal name Stacey, Kaye,
Dates associated with a name 1948-
9 (RLIN) 17896
942 ## - ADDED ENTRY ELEMENTS (KOHA)
Source of classification or shelving scheme Dewey Decimal Classification
Koha item type Open Shelf
Holdings
Withdrawn status Lost status Source of classification or shelving scheme Damaged status Not for loan Home library Current library Source of acquisition Inventory number Total Checkouts Full call number Barcode Date last seen Koha item type
    Dewey Decimal Classification     MUST Main Library MUST Main Library Donation 14/38657   510 MAS 2010 2024-21336 25/06/2024 Open Shelf